| 000 | 00000nam##2200000za#4500 |
| 001 | 9.695850 |
| 003 | CaOODSP |
| 005 | 20210927150503 |
| 007 | cr ||||||||||| |
| 008 | 150407|1996||||xxc|||||o f|0| 0 eng|d |
| 040 | |aCaOODSP|beng |
| 043 | |an-cn--- |
| 086 | 1 |aR2-167/1996E-PDF |
| 110 | 1 |aCanada. |bIndian and Northern Affairs Canada. |
| 245 | 10|aRegistered Indian mobility and migration : |h[electronic resource]|ban analysis of 1996 census data / |cby Mary Jane Norris ... [et al.]. |
| 260 | |aOttawa - Ontario : |bIndian and Northern Affairs |c2004. |
| 300 | |a50p.|bcoloured figs., graphs, tables |
| 500 | |aThe catalogue number (R2-167/1996E) and ISBN (0-662-30916-2) for the print edition have been incorrectly copied in this electronic version. |
| 590 | |a12-05-Supp|b2012-03-02 |
| 720 | 1 |aNorris, Mary Jane |
| 775 | 08|tMobilité et migration des Indiens inscrits : |w(CaOODSP)9.639957 |
| 856 | 40|ahttp://publications.gc.ca|qPDF|s374 KB|uhttps://publications.gc.ca/collections/collection_2012/ainc-inac/R2-167-1996-eng.pdf |
| 986 | |aQS-7030-000-EE-A1 |